|
|
|
|
| LEADER |
00000nab a2200000 a 4500 |
| 001 |
vtls000174006 |
| 003 |
SK-MaSNL |
| 005 |
20260304061539.0 |
| 008 |
250422c1984 xo 0 slo |
| 015 |
|
|
|a SNBRB19rr/mm-uuuuu
|
| 035 |
|
|
|a CL0184118
|
| 035 |
|
|
|a urn:nbn:sk:snk-ab6nry
|
| 035 |
|
|
|a (uuid)f66a3317-9bfe-4eaf-bce3-b98ea183985d
|
| 035 |
|
|
|a (urnnbn)urn:nbn:sk:snk:ar-005npt
|
| 035 |
|
|
|a (sysno)vtls000174006
|
| 040 |
|
|
|a SNKBUCL
|b slo
|c SNKBUCL
|e AACR2
|
| 041 |
0 |
|
|a slo
|
| 044 |
|
|
|a xo
|c SK
|
| 080 |
|
|
|a 621.791.019
|2 1981
|
| 080 |
|
|
|a 620.18
|2 1981
|
| 080 |
|
|
|a 621.004.64
|2 1981
|
| 100 |
1 |
|
|a Lombardini, Július,
|d 1926-2015
|4 aut
|9 163248
|
| 245 |
1 |
0 |
|a Niektoré havárie vyhodnotené metalografickými metódami
|c Július Lombardini
|
| 300 |
|
|
|b Obr. 14.
|
| 650 |
0 |
7 |
|a zvarové spoje
|2 snkbucl
|9 31821
|
| 655 |
|
7 |
|a články z novín a časopisov
|2 snkbucl
|9 267496
|
| 773 |
0 |
|
|t Zváranie
|g Roč. 33, č. 1 (1984), s. 24-26
|
| 850 |
|
|
|a Slovenská národná knižnica
|
| 852 |
|
|
|a Slovenská národná knižnica
|
| 954 |
|
|
|a odborná, vedecká literatúra pôvodná (slovenská)
|2 lita
|
| 958 |
|
|
|a article
|
| 958 |
|
|
|a OND
|
| 958 |
|
|
|a RK
|
| 958 |
|
|
|a EUIPO
|
| 992 |
|
|
|a RBX
|
| 999 |
|
|
|c 2733613
|d 2735543
|